Statistics for West End Musicals

Click here to take the quiz!

General Stats

  • This quiz has been taken 2,414 times
    (2,219 since last reset)
  • The average score is 10 of 21

Answer Stats

HintAnswer% Correct
Circle of LifeLion King
95%
All that JazzChicago
89%
Money, Money, MoneyMamma Mia
82%
Do a deerSound of Music
77%
We Go TogetherGrease
72%
Seasons of LoveRent
67%
Angel of MusicPhantom of the Opera
64%
When I Grow UpMatilda the Musical
61%
Radio Ga GaWe Will Rock You
61%
What is this feeling?Wicked
60%
I Could Have Danced All NightMy Fair Lady
53%
The Farmer and The CowmanOklahoma!
31%
Hasa Diga EebowaiThe Book of Mormon
27%
That's Your FuneralOliver
26%
He Could Be A StarBilly Elliot
24%
Shoes Upon The TableBlood Brothers
22%
Light at the End of the TunnelStarlight Express
22%
We're In The Money42nd Street
16%
Opening NightThe Producers
16%
I Can Make You A ManRocky Horror Picture Show
15%
Shall We Dance?Crazy For You
2%

Score Distribution

Percentile by Number Answered

Percent of People with Each Score

Your Score History

You have not taken this quiz since the last reset